|
|
|
|
| LEADER |
00000nam0a2200000 4500 |
| 001 |
363654 |
| 005 |
20231102011618.0 |
| 035 |
|
|
|a (RuTPU)RU\TPU\retro\21001
|
| 090 |
|
|
|a 363654
|
| 100 |
|
|
|a 20211006d1980 k y0rusy50 ca
|
| 101 |
0 |
|
|a rus
|
| 102 |
|
|
|a RU
|
| 105 |
|
|
|a a z 001zy
|
| 200 |
1 |
|
|a Фазовые переходы в чистых металлах и бинарных сплавах
|e сборник научных трудов
|f Академия наук СССР, Сибирское отделение, Институт теплофизики ; под ред. С. С. Кутателадзе , В. Е. Накорнякова
|
| 210 |
|
|
|a Новосибирск
|c [Б. и.]
|d 1980
|
| 215 |
|
|
|a 154 с.
|c ил.
|
| 320 |
|
|
|a Библиография в конце статей
|
| 606 |
1 |
|
|a Сплавы
|x Фазовые переходы
|x Фазовые превращения
|x Фазовые равновесия
|x Фазовый анализ
|2 stltpush
|3 (RuTPU)RU\TPU\subj\55937
|9 73889
|
| 610 |
1 |
|
|a бинарные сплавы
|
| 610 |
1 |
|
|a чистые металлы
|
| 610 |
1 |
|
|a кристаллизация
|
| 610 |
1 |
|
|a плавление
|
| 610 |
1 |
|
|a конденсация
|
| 610 |
1 |
|
|a микроструктура
|
| 610 |
1 |
|
|a формирование
|
| 610 |
1 |
|
|a физические свойства
|
| 610 |
1 |
|
|a изменение
|
| 610 |
1 |
|
|a металлические пары
|
| 610 |
1 |
|
|a потоки
|
| 610 |
1 |
|
|a криогенные поверхности
|
| 675 |
|
|
|a 669.017.3
|v 4
|
| 702 |
|
1 |
|a Кутателадзе
|b С. С.
|g Самсон Семенович
|4 340
|
| 702 |
|
1 |
|a Накорняков
|b В. Е.
|g Владимир Елиферьевич
|4 340
|
| 712 |
0 |
2 |
|a Академия наук СССР
|b Сибирское отделение
|b Институт теплофизики
|c (Новосибирск)
|2 stltpush
|3 (RuTPU)RU\TPU\col\11307
|9 25030
|
| 801 |
|
1 |
|a RU
|b 63413507
|c 20211006
|
| 942 |
|
|
|c BK
|